Loading...
Embedded case study methods : integrating quantitative and qualitative knowledge /
| Main Author: | |
|---|---|
| Other Authors: | |
| Format: | Printed Book |
| Published: |
Thousand Oaks, Calif. :
Sage Publications,
c2002.
|
| Subjects: | |
| Online Access: | http://www.loc.gov/catdir/enhancements/fy0656/2001002910-d.html http://www.loc.gov/catdir/enhancements/fy0656/2001002910-t.html |
| LEADER | 00919cam a22002174a 4500 | ||
|---|---|---|---|
| 999 | |c 243010 |d 243010 | ||
| 020 | |a 0761919457 (c : acidfree paper) | ||
| 020 | |a 0761919465 (p : acidfree paper) | ||
| 082 | 0 | 0 | |a 001.4 |b SCH |
| 100 | 1 | |a Scholz, Roland W. | |
| 245 | 1 | 0 | |a Embedded case study methods : |b integrating quantitative and qualitative knowledge / |c Roland W. Scholz, Olaf Tietje. |
| 260 | |a Thousand Oaks, Calif. : |b Sage Publications, |c c2002. | ||
| 300 | |a 392 p. : |b ill. ; | ||
| 504 | |a Includes bibliographical references (p. 351-378) and index. | ||
| 650 | 0 | |a Research | |
| 650 | 0 | |a Case method. | |
| 700 | 1 | |a Tietje, Olaf. | |
| 856 | 4 | 2 | |u http://www.loc.gov/catdir/enhancements/fy0656/2001002910-d.html |
| 856 | 4 | 1 | |u http://www.loc.gov/catdir/enhancements/fy0656/2001002910-t.html |
| 942 | |c BK | ||
| 952 | |0 0 |1 0 |4 0 |6 001_400000000000000_SCH |7 0 |9 258063 |a DFS |b DFS |d 2019-12-26 |l 0 |o 001.4 SCH |p DFS3033 |r 2019-12-26 |w 2019-12-26 |y BK | ||